000 00419 a2200145 4500
999 _c5745
_d5745
020 _a1920076611
050 _aPL8771.11 MMB 2006
100 _aMmbi, M.N.
245 _aKha Ri Ditongise:
_bBugu Ya Mugudi Gireidi 11 /
_cMmbi M.N., Maphiri N.R. and Mutshaeni H.N.
264 _aThohoyandou
_bKalahari
_c2006
300 _aiii, 287p. :
500 _aVenda
650 _aVenda literature
942 _2lcc
_cBK
_h8771.11
_iMMB
_kPL